Datum a čas kvízu
36.5
Celkem bodů
Celkový počet nahraných bodů na tomto kvízu bez doplňovacích otázek.
1.
Pořadí na kvízu
Konečné umístění týmu na tomto kvízu.
Zaznamenané odpovědi
| # | Otázka | Odpověď | Body | Výsledky |
|---|---|---|---|---|
| 1. | Minulý týden roztálo sněhové p... | Mapa republiky | 0 | |
| 2. | V pátek byl v italských Benátk... | Mojžíš | 1 | |
| 3. | V pondělí zemřel hudební sklad... | 91 let | 0 | |
| 4. | V pátek v San Francisku proběh... | Jevgenij Nikulin | 0 | |
| 5. | Hokejová NHL představila svůj... | Toronto, Edmonton | 0.5 | |
| 6. | Různé návykové látky jsou užív... | pelyněk (pravý) | 1 | |
| 7. | Tabákové listy obsahují návyko... | viržinský | 1 | |
| 8. | Konopí se odpradávna používá j... | kanabinoidy | 1 | |
| 9. | Opium se získává z nezralých m... | latex | 0 | |
| 10. | Kokain je získáván z listů tro... | D | 1 |